000 00346 a2200157 4500
001 179694
020 _a
040 _cMagnum
100 _aSallut, Elza Cesar
240 1 0 _aO planeta dos montinhos
_lpor
245 1 0 _aO planeta dos montinhos
362 0 _a1899
440 1 _aScipione
697 _aMAGNITO: IJ/FADAS, FANTASIA
942 _cBK
999 _c179694
_d179694